Statistiche per Caduti della Seconda Guerra Mondiale

Clicka qui per fare il quiz!

Statistiche generali

  • Questo quiz è stato fatto 1.427 volte
  • Il punteggio medio è 17 su 24

Statistiche sulle risposte

CadutiPaese% Corretto
319.200Italia
99%
5.318.000Germania
99%
210.000Francia
98%
407.300Stati Uniti
98%
2.300.000Giappone
95%
240.000Polonia
91%
3.750.000Cina
90%
383.700Regno Unito
88%
11.400.000Unione Sovietica
84%
12.000Belgio
81%
35.100Grecia
78%
18.200Paesi Bassi
77%
42.000Canada
75%
300.000Romania
72%
39.700Australia
70%
300.000Ungheria
69%
446.000Jugoslavia
64%
18.500Bulgaria
61%
95.000Finlandia
56%
11.700Nuova Zelanda
48%
11.900Sudafrica
34%
34.000Estonia
31%
25.000Lituania
30%
30.000Lettonia
30%

Distribuzione punteggi

Percentile per numero di risposta

Percentuale di utenti per punteggio

I tuoi punteggi nel tempo

Non hai fatto questo quiz